Statistics for Walls - Louis Tomlinson (All Lyrics)

Click here to take the quiz!

General Stats

  • This quiz has been taken 28 times
  • The average score is 208 of 248

Answer Stats

Answer% Correct
The
100%
the
100%
walls
100%
a
94%
And
94%
and
94%
came
94%
For
94%
for
94%
I
94%
my
94%
no
94%
these
94%
These
94%
up
94%
you
94%
You
94%
be
88%
But
88%
day
88%
down
88%
is
88%
me
88%
one
88%
short
88%
them
88%
to
88%
what
88%
Why
88%
why
88%
all
81%
alone
81%
am
81%
broke
81%
come
81%
ever
81%
falling
81%
Falling
81%
high
81%
just
81%
left
81%
like
81%
never
81%
Nothing
81%
Now
81%
now
81%
that
81%
that’s
81%
They
81%
this
81%
us
81%
wakes
81%
waking
81%
was
81%
Was
81%
were
81%
who
81%
amount
75%
away
75%
became
75%
because
75%
clothes
75%
enough
75%
full
75%
ground
75%
higher
75%
hurt
75%
hurting
75%
love
75%
makes
75%
man
75%
of
75%
stand
75%
taller
75%
than
75%
took
75%
walked
75%
words
75%
cupboard
69%
every
69%
in
69%
it
69%
lost
69%
question
69%
saw
69%
say
69%
see
69%
So
69%
so
69%
soul
69%
watch
69%
watched
69%
will
69%
bittersweet?
63%
did
63%
eyes
63%
hope
63%
looked
63%
often
63%
thank
63%
ooh
44%
break
19%

Score Distribution

Percentile by Number Answered

Percent of People with Each Score

Your Score History

You have not taken this quiz